000 02586nam0a2200433 4500
001 RU\NLR\bibl\1723815
005 20260408012512.0
010 _a978-5-9902549-1-6
_9100
021 _aRU
_b2010-98629
_96654
035 _a(nilc)RSL-KNO-004863546
035 _a(NLR Aleph) 001714794
090 _a1302626
_c1302626
100 _a20101213d2010 |||y0rusy50 ca
101 0 _arus
102 _aRU
105 _aa |||||||||
200 1 _a"И памятники дышат, как живые"
_e(памятники боевой славы, установленные на Курской земле в честь событий Великой Отечественной войны)
_f[А. Ю. Золотухин, д.ист.н. В.В. Коровин, к.ист.н. А.Н. Манжосов]
_gЮго-Западное отд-ние Акад. военно-исторических наук
210 _aКурск
_cЮго-Западное отд-ние Акад. военно-исторических наук
_d2010
215 _a103 с.
_cил.
_d21
225 1 _aСерия "Памятники ратной славы"
300 _aАвт. указаны на обороте тит. л.
320 _aБиблиогр. в подстроч. примеч.
606 1 _aВеликая Отечественная война
_xУвековечение памяти
_yКурская область
_z1941 - 1945
_92628457
_3RU\NLR\auth\661565017
686 _aТ3(2)722л60
_2rubbk
686 _aТ3(2Р-4Курс)722л60
_2rubbk
686 _aТ3(2)722.9-9(2Р-4Курс)
686 _aТ3(2)722.78
686 _aЦ35(2)722л(2Р-4Курс)6
700 1 _4070
_aЗолотухин
_bА. Ю.
_cканд. ист. наук, отечественная история
_gАлексей Юрьевич
_9147619
_3RU\NLR\AUTH\770147655
701 1 _4070
_aКоровин
_bВ. В.
_cд-р ист. наук, отечеств. история
_f1969-
_gВладимир Викторович
_9147611
_3RU\NLR\AUTH\770147647
701 1 _4070
_8rus
_7ca
_aМанжосов
_bА. Н.
_cканд. ист. наук, канд. мед. наук
_f1951-
_gАлександр Николаевич
_3RU\NLR\AUTH\7799064
_981990
712 0 2 _4570
_aАкадемия военно-исторических наук
_cСанкт-Петербург
_bЮго-западное отделение
_cКурск
_3RU\NLR\AUTH\8810174698
_9845446
801 0 _aRU
_bRuMoRKP
_c20101213
_grcr
801 1 _aRU
_bRuMoRGB
_c20101213
801 2 _aRU
_bNLR
_c20110118
_grcr
942 _cBOOK
980 _aNB